Exclusion zone (Record no. 69581)
[ view plain ]
| 000 -LEADER | |
|---|---|
| fixed length control field | 01558cam a2200265 4500 |
| 001 - CONTROL NUMBER | |
| control field | ABS65194 |
| 008 - FIXED-LENGTH DATA ELEMENTS--GENERAL INFORMATION | |
| fixed length control field | 020225n2002 000 0 eng u |
| 035 ## - SYSTEM CONTROL NUMBER | |
| System control number | (Sirsi) u116831 |
| 100 ## - MAIN ENTRY--PERSONAL NAME | |
| Personal name | Miller, R. |
| 245 ## - TITLE STATEMENT | |
| Title | Exclusion zone |
| 260 ## - PUBLICATION, DISTRIBUTION, ETC. | |
| Date of publication, distribution, etc. | 2002 |
| 490 ## - SERIES STATEMENT | |
| Series statement | Estates Gazette |
| Volume/sequential designation | (0205) 2 February 2002, 124-125(2) |
| 520 ## - SUMMARY, ETC. | |
| Summary, etc. | Discusses why the introduction of the Contracts (Rights of Third Parties) Act 1999 did not mean the end of the use of collateral warranties.The Act, the result of a House of Lords ruling following "Murphy V Brentwood DC "[1991], sought to ensure that all third parties with a present or future interest in a premises would have the same rights as the original developer to sue on the principal contract, so that all third parties would benefit equally. However, few major parties have wanted to depart from the previous use of warranties for various reasons, primarily because the new Act would not necessarily solve the limitations of warranties. Concludes that only an economic slowdown, leading to the need to save costs, will lead to funding institutions promoting the new Act. |
| 590 ## - LOCAL NOTE (RLIN) | |
| Local note | ABS |
| 650 ## - SUBJECT ADDED ENTRY--TOPICAL TERM | |
| Topical term or geographic name entry element | CONTRACTS (RIGHTS OF THIRD PARTIES) ACT 1999 |
| 650 ## - SUBJECT ADDED ENTRY--TOPICAL TERM | |
| Topical term or geographic name entry element | MURPHY V BRENTWOOD DC |
| 650 ## - SUBJECT ADDED ENTRY--TOPICAL TERM | |
| Topical term or geographic name entry element | HOUSING GRANTS CONSTRUCTION AND REGENERATION ACT 1996 |
| 650 ## - SUBJECT ADDED ENTRY--TOPICAL TERM | |
| Topical term or geographic name entry element | BUILT ENVIRONMENT-BUILDING CONTRACT FORMS-CONSTRUCTION COLLATERAL WARRANTY FORMS |
| 650 ## - SUBJECT ADDED ENTRY--TOPICAL TERM | |
| Topical term or geographic name entry element | BUILDING DEFECTS |
| 650 ## - SUBJECT ADDED ENTRY--TOPICAL TERM | |
| Topical term or geographic name entry element | CONTRACT LAW |
| 650 ## - SUBJECT ADDED ENTRY--TOPICAL TERM | |
| Topical term or geographic name entry element | PROPERTY LAW |
| 690 ## - LOCAL SUBJECT ADDED ENTRY--TOPICAL TERM (OCLC, RLIN) | |
| Topical term or geographic name as entry element | PROPERTY |
| 700 ## - ADDED ENTRY--PERSONAL NAME | |
| Personal name | Calderwood, L |
| 942 ## - ADDED ENTRY ELEMENTS (KOHA) | |
| Suppress in OPAC | 0 |
| Withdrawn status | Lost status | Source of classification or shelving scheme | Damaged status | Not for loan | Home library | Current library | Shelving location | Date acquired | Total Checkouts | Full call number | Barcode | Date last seen | Copy number | Price effective from | Koha item type |
|---|---|---|---|---|---|---|---|---|---|---|---|---|---|---|---|
| Dewey Decimal Classification | London | London | Journal article | 25/02/2002 | ABS65194 | 116831-1001 | 06/08/2019 | 1 | 06/08/2019 | Journal article |